144 câu hỏi về thi trường chứng khoán Việt Nam

Đã lưu trong:
书目详细资料
主要作者: VŨ NGỌC NHUNG
格式: 图书
语言:Undetermined
出版: H. Thống Kê 2002
主题:
标签: 添加标签
没有标签, 成为第一个标记此记录!
Thư viện lưu trữ: Trung tâm Học liệu Trường Đại học Cần Thơ
LEADER 00510nam a2200169Ia 4500
001 CTU_50011
008 210402s9999 xx 000 0 und d
082 |a 332.642 
082 |b Nh513 
100 |a VŨ NGỌC NHUNG 
245 0 |a 144 câu hỏi về thi trường chứng khoán Việt Nam 
245 0 |c VŨ NGỌC NHUNG, Hồ Ngọc Cẩn 
260 |a H. 
260 |b Thống Kê 
260 |c 2002 
650 |a stock exchange 
980 |a Trung tâm Học liệu Trường Đại học Cần Thơ